Théologie de l'histoire
Сохранить в:
| Главный автор: | |
|---|---|
| Формат: | |
| Язык: | французский |
| Опубликовано: |
París
Du Seul
1968
|
| Предметы: | |
| Метки: |
Добавить метку
Нет меток, Требуется 1-ая метка записи!
|
MARC
| LEADER | 00000nam a2200000 a 4500 | ||
|---|---|---|---|
| 001 | UCP8598 | ||
| 003 | CL-VaPUC | ||
| 008 | 000303e19680000FR |||||||||||||||||fre|d | ||
| 082 | 0 | 4 | |a 901 |b MAR |2 21 |
| 100 | |a Marrou, Henri Irénée |e autor |9 588451 | ||
| 245 | 1 | 0 | |a Théologie de l'histoire |
| 300 | |a 189 p | ||
| 942 | |c BK | ||
| 945 | |d 20000303 00:00:00 |a rherrera | ||
| 260 | |a París |b Du Seul |c 1968 | ||
| 650 | 0 | |a Filosofía de la historia |9 265651 | |
| 650 | 0 | |a Teología |9 258766 | |
| 650 | 0 | |a Iglesia Católica |9 256114 | |
| 650 | 0 | |a Religión |9 255164 | |
| 583 | |a last modification |c 20000303 00:00:00 |k Rodrigo Vera | ||
| 999 | |c 285490 |d 285488 | ||
| 952 | |0 0 |1 0 |4 0 |6 901_000000000000000_MAR_1968 |7 0 |8 A |9 330141 |a BIBHIS |b BIBHIS |d 2019-11-20 |i 1393154 |o 901 MAR 1968 |p 1393154 |r 2025-01-20 |w 2019-11-20 |y BK |k HIS | ||